Der Untergang des Abendlandes : (Titelsatznr. 36331)
[ MARC ]
| 000 -Satzkennung | |
|---|---|
| Kontrollfeld mit fester Länge | 00872nam a22002771c 4500 |
| 001 - Kontrollnummer | |
| Kontrollfeld | a987677992 |
| 008 - Feld mit fester Länge zur physischen Beschreibung - Allgemeine Angaben | |
| Kontrollfeld mit fester Länge | 161115s ger d |
| 020 ## - Internationale Standardbuchnummer | |
| Internationale Standardbuchnummer | 3406025315 |
| Verknüpfung | 3-406-02531-5 |
| 041 ## - Sprachcode | |
| Sprachcode des Textes/der Tonspur oder des separaten Titels | ger |
| 040 ## - Katalogisierungsquelle | |
| Übertragungsstelle | RU-10907106 |
| 003 - Kontrollnummer Identifier | |
| Kontrollfeld | RU-10907106 |
| 100 1# - Haupteintragung - Personenname | |
| Personenname | Spengler, Oswald |
| 245 04 - Titel | |
| Titel | Der Untergang des Abendlandes : |
| Zusatz zum Titel | Umrisse eine Morphologie des Weltgeschichte |
| 250 ## - Ausgabebezeichnung | |
| Ausgabebezeichnung | ungekürzte Sonderausg. in e. Bd. |
| 264 ## - Produktion, Veröffentlichung, Distribution, Herstellung und Urheberrechtsvermerk | |
| Herstellungs-, Veröffentlichungs- Vertriebs-, Erzeugungsort | München : |
| Produzent, Herausgeber, Distributor, Hersteller | Beck, |
| Datum der Herstellung, der Veröffentlichung, des Vertriebs oder des Urheberschutzvermerks | [2016] |
| 300 ## - Physische Beschreibung | |
| Umfang | XV, 1249 S. |
| 490 #0 - Gesamttitelangabe | |
| Gesamttitelangabe | Beck'sche Sonderausgaben |
| 500 ## - Allgemeine Fußnote | |
| Allgemeine Fußnote | Elektronische Version - Ausgabe von 1920/1922 - 2 Bände |
| 650 #0 - Nebeneintragung unter einem Schlagwort - Sachschlagwort | |
| Sachschlagwort oder geografischer Name als Eintragungselement | Geschichtsphilosophie |
| 650 #0 - Nebeneintragung unter einem Schlagwort - Sachschlagwort | |
| Sachschlagwort oder geografischer Name als Eintragungselement | Kulturkritik |
| 650 #0 - Nebeneintragung unter einem Schlagwort - Sachschlagwort | |
| Sachschlagwort oder geografischer Name als Eintragungselement | Kulturmorphologie |
| 650 #0 - Nebeneintragung unter einem Schlagwort - Sachschlagwort | |
| Sachschlagwort oder geografischer Name als Eintragungselement | Kulturphilosophie |
| 856 4# - Elektronische Adresse und Zugriff | |
| URL | <a href="https://archive.org/details/deruntergangdesa01spen">https://archive.org/details/deruntergangdesa01spen</a> |
| 856 4# - Elektronische Adresse und Zugriff | |
| URL | <a href="https://archive.org/details/deruntergangdes02spen">https://archive.org/details/deruntergangdes02spen</a> |
| 942 ## - Zusätzliche Felder (Koha) | |
| Koha-Medientyp | Monographien |
| Ausgeschieden | Verloren | Klassifikation oder Aufstellungssystematik | Beschädigt | Nicht entleihbar | Heimatbibliothek | Aufenthaltsbibliothek | Aufstellungsort | Erwerbungsdatum | Inventarnummer | Signatur | Barcode | Letzte Aktivität | Preis gültig von | Koha-Medientyp |
|---|---|---|---|---|---|---|---|---|---|---|---|---|---|---|
| Andere/Generische Klassifikation | MWN Osteuropa | MWN Osteuropa | Lesesaal | 15/11/2016 | 16-04029 Ersatzß Downvorhß | G 40 eD Spe | E004015073CA732A | 23/02/2021 | 22/03/2021 | Monographien |